[Event "2a. Categoria 2005"]
[Site "?"]
[Date "2005.??.??"]
[Round "?"]
[White "Munoz C., Pedro"]
[Black "Castillo F., Jenaro"]
[Result "1-0"]
[WhiteElo "1778"]
[BlackElo "1574"]
[PlyCount "59"]

1. e4 c5 2. f4 d6 3. Nf3 Nc6 4. Bc4 e6 5. Nc3 a6 6. a3 Nf6 7. O-O Be7 8. d3 O-O
9. e5 dxe5 10. fxe5 Nd7 11. Bf4 Qc7 12. Qe2 b5 13. Ba2 Bb7 14. Rae1 Nd4 15.
Nxd4 cxd4 16. Ne4 Rac8 17. Rf2 Bxe4 18. Qxe4 Qb6 19. Qf3 b4 20. Qg4 Kh8 21. Bc4
bxa3 22. bxa3 Qa5 23. Bd2 Qxa3 24. Qxd4 Rcd8 25. Qg4 Bc5 26. d4 Bb4 27. c3 Bxc3
28. Rf3 Rc8 29. Rxc3 Qb4 30. Rg3 1-0

[Event "2a. Categoria 2005"]
[Site "?"]
[Date "2005.??.??"]
[Round "?"]
[White "Torres E., Rodolfo"]
[Black "Arevalo S., Felipe"]
[Result "1/2-1/2"]
[WhiteElo "1759"]
[BlackElo "1578"]
[PlyCount "53"]

1. e4 c5 2. Nc3 d6 3. f4 Nc6 4. d3 Nf6 5. Nf3 a6 6. h3 b5 7. Be3 e6 8. Qd2 Bb7
9. g4 Nd7 10. Bg2 g6 11. f5 Qc7 12. fxe6 fxe6 13. Ng5 d5 14. Bf4 e5 15. Bh2 d4
16. Nd5 Qd6 17. Rf1 $2 (17. Qf2) 17... Bh6 18. O-O-O Ne7 19. Nxe7 Qxe7 20. h4
Bxg5 21. hxg5 O-O-O 22. Kb1 Rhf8 23. Rh1 Rf7 24. Bg3 Rdf8 25. Bh4 Rf4 26. Qe2
Qe6 27. Bh3 1/2-1/2

[Event "2a. Categoria 2005"]
[Site "?"]
[Date "2005.??.??"]
[Round "?"]
[White "Iocco B., Pablo"]
[Black "Romero F., Luis"]
[Result "1-0"]
[WhiteElo "1762"]
[BlackElo "1575"]
[PlyCount "71"]

1. e4 e5 2. Nf3 Nc6 3. Bb5 a6 4. Ba4 b5 5. Bb3 d6 6. a4 Be6 7. Bxe6 fxe6 8. d4
exd4 9. Nxd4 Nxd4 10. Qxd4 e5 11. Qd5 Nf6 12. Qc6+ Nd7 13. axb5 a5 14. Nc3 Rb8
15. Nd5 15... Rb6 $2 16. Nxb6 cxb6 17. b4 Be7 18. Bd2 O-O 19. bxa5 bxa5 20.
Bxa5 Qc8 21. Qxc8 Rxc8 22. c3 Ra8 23. O-O Nc5 24. f3 Nb3 25. Ra3 Nxa5 26. Rb1
Bd8 27. b6 Kf7 28. Rb5 Ke6 29. Kf1 Rb8 30. Raxa5 Rxb6 31. Rxb6 Bxb6 32. Rd5 Bc5
33. Ke2 Kf6 34. Kd3 g5 35. Rxc5 dxc5 36. Kc4 1-0

[Event "2a. Categoria 2005"]
[Site "?"]
[Date "2005.??.??"]
[Round "?"]
[White "Pando T., Luis"]
[Black "Retamales P., Esmir"]
[Result "1-0"]
[WhiteElo "1790"]
[BlackElo "1382"]
[PlyCount "81"]

1. e4 e5 2. Nf3 Nc6 3. Bc4 Be7 4. d4 exd4 5. Nxd4 Nf6 6. Nc3 Bb4 7. Nxc6 bxc6
8. O-O Bxc3 9. bxc3 Rb8 10. Bg5 O-O 11. e5 h6 12. exf6 hxg5 13. fxg7 Kxg7 14.
Qh5 d5 15. Bd3 f5 16. f4 Rh8 17. Qxg5+ Qxg5 18. fxg5 Kg6 19. g4 Kxg5 20. gxf5
Rh3 21. Rf2 Rb6 22. f6 Rh8 23. f7 Rf8 24. Rg2+ Kf6 25. Rf1+ Ke7 26. Re2+ Be6
27. Bf5 c5 28. Rfe1 Rxf7 29. Rxe6+ Rxe6 30. Bxe6 Rg7+ 31. Kf2 Kd6 32. Bf5 Rf7
33. Re6+ Kd7 34. Rf6+ Ke7 35. Rxf7+ Kxf7 36. Kf3 Kf6 37. Kf4 a6 38. Bc8 a5 39.
Bb7 Ke6 40. h4 d4 41. c4 1-0

[Event "2a. Categoria 2005"]
[Site "?"]
[Date "2005.??.??"]
[Round "?"]
[White "Espinoza V., Dagoberto"]
[Black "Farias M., Hernan"]
[Result "0-1"]
[WhiteElo "1758"]
[BlackElo "1637"]
[PlyCount "60"]

1. d4 Nf6 2. c4 g6 3. Nf3 Bg7 4. e3 O-O 5. Nc3 d6 6. Bd3 Nc6 7. a3 a6 8. O-O
Bd7 9. Qc2 Bg4 10. Ng5 e5 11. d5 Nb8 12. Nge4 Nxe4 13. Nxe4 Bc8 14. Ng3 f5 15.
f3 Nd7 16. Bd2 Qh4 17. Be1 Qe7 18. Rc1 Nc5 19. Be2 f4 20. exf4 Rxf4 21. b4 Nd7
22. Ne4 Rf8 23. Bf2 Nf6 24. c5 Nxd5 25. cxd6 cxd6 26. Rfd1 Nf4 27. Rxd6 Bf5 28.
Bc5 Bxe4 29. Qxe4 Qg5 30. g3 Nxe2+ 0-1

[Event "2a. Categoria 2005"]
[Site "?"]
[Date "2002.??.??"]
[Round "?"]
[White "Pando T., Luis"]
[Black "Rosales S., Duncan"]
[Result "1-0"]
[WhiteElo "1790"]
[BlackElo "1640"]
[PlyCount "101"]

1. e4 e5 2. Nf3 Nc6 3. Bc4 Bc5 4. Qe2 d6 5. h3 f5 6. Bxg8 Rxg8 7. d3 Nd4 8.
Nxd4 Bxd4 9. c3 Bc5 10. a4 fxe4 11. b4 exd3 12. Qxd3 Bxf2+ 13. Kxf2 Rf8+ 14.
Kg3 Bf5 15. Qe2 Qf6 16. Rf1 Qg6+ 17. Kh2 Bxb1 18. Rxf8+ Kxf8 19. Qf3+ Ke7 20.
Qxb7 Kd7 21. Qb5+ Kd8 22. Qf1 Be4 23. Ra2 Kd7 24. Rf2 Re8 25. Be3 a6 26. Qc4
Rf8 27. Qe2 Rxf2 28. Qxf2 Bc6 29. a5 h5 30. Qg3 Qxg3+ 31. Kxg3 Ke6 32. Kf2 Kf5
33. g3 g5 34. Ba7 Ke6 35. Bb8 Kd7 36. Ba7 Bh1 37. g4 hxg4 38. hxg4 Ke6 39. Be3
Kf6 40. c4 c6 41. Bb6 d5 42. Bd8+ Kg6 43. cxd5 cxd5 44. Bc7 e4 45. Bb6 Bf3 46.
Kg3 Kf6 47. b5 axb5 48. a6 b4 49. a7 b3 50. a8=Q b2 51. Bd4+ 1-0

[Event "2a. Categoria 2005"]
[Site "?"]
[Date "2005.??.??"]
[Round "?"]
[White "Rosales V., Claudio"]
[Black "Rosales S., Duncan"]
[Result "1-0"]
[WhiteElo "1739"]
[BlackElo "1640"]
[PlyCount "69"]

1. e4 e5 2. Nc3 f5 3. Bc4 c6 4. Bxg8 Rxg8 5. Qh5+ g6 6. Qxh7 Rg7 7. Qh3 fxe4 8.
Qg3 d5 9. Qxe5+ Kf7 10. Nge2 Bd6 11. Qd4 Bf5 12. d3 exd3 13. cxd3 Nd7 14. g4
Be5 15. Qb4 Bxd3 16. Qxb7 Bxc3+ 17. bxc3 Bb5 18. a4 Rb8 19. Qxa7 Bxe2 20. Kxe2
Qe8+ 21. Be3 Rb2+ 22. Kf1 Kg8 23. Re1 Qe4 24. Rg1 Qc4+ 25. Kg2 Qxg4+ 26. Kh1
Qf3+ 27. Rg2 Re7 28. Qa8+ Nb8 29. Reg1 Kg7 30. Qa5 Rc2 31. Qc5 Kf7 32. Qd4 Re4
33. Qa7+ Ke6 34. Qxb8 Rxe3 35. Qe8+ 1-0

[Event "2a. Categoria 2005"]
[Site "?"]
[Date "2005.??.??"]
[Round "?"]
[White "Pando T., Luis"]
[Black "Munoz C., Pedro"]
[Result "0-1"]
[WhiteElo "1790"]
[BlackElo "1778"]
[PlyCount "86"]

1. e4 e5 2. Nf3 Nc6 3. Bc4 Bc5 4. Qe2 Nf6 5. Bxf7+ Kxf7 6. Qc4+ d5 7. Qxc5 Nxe4
8. Qe3 Bg4 9. d3 Bxf3 10. Qxf3+ Nf6 11. c3 Rf8 12. Bg5 Kg8 13. O-O Qd6 14. Qe2
Rac8 15. Nd2 e4 16. Bxf6 exd3 17. Qxd3 Rxf6 18. Rae1 Rcf8 19. Qg3 Qxg3 20. hxg3
d4 21. cxd4 Nxd4 22. f3 Rc6 23. Re4 Nf5 24. Rc4 Rxc4 25. Nxc4 Nxg3 26. Rd1 g6
27. Rd7 Rf7 28. Ne5 Rxd7 29. Nxd7 Ne2+ 30. Kf2 Nc1 31. Nc5 b6 32. Na6 c5 33.
Nb8 Nd3+ 34. Ke3 Nxb2 35. Nc6 a5 36. Ne5 b5 37. Kd2 Kg7 38. Kc2 Nc4 39. Nxc4
bxc4 40. Kc3 Kf6 41. Kxc4 h5 42. Kxc5 Ke5 43. g3 g5 0-1

[Event "2a. Categoria 2005"]
[Site "?"]
[Date "2005.??.??"]
[Round "?"]
[White "Romero F., Luis"]
[Black "Torres E., Rodolfo"]
[Result "1-0"]
[WhiteElo "1575"]
[BlackElo "1759"]
[PlyCount "69"]

1. e4 c5 2. Nf3 d6 3. Bc4 a6 4. Nc3 e6 5. d3 Nc6 6. Bf4 b5 7. Bb3 Na5 8. Qd2 h6
9. O-O Nxb3 10. cxb3 Bb7 11. Rfe1 e5 12. Bg3 Nf6 13. Bh4 g5 14. Bg3 Be7 15. h3
Qd7 16. Nh2 h5 17. Qxg5 Nxe4 18. Qg7 Bf6 19. Qxh8+ Bxh8 20. dxe4 O-O-O 21. a4
b4 22. Nd1 Bf6 23. Ne3 h4 24. Nc4 24... Qc7 $2 25. Ng4 Be7 26. Bh2 Rg8 27. Nh6
Rg6 28. Nf5 Bf8 29. Nxh4 Rg8 30. Rad1 Qd8 31. Nf5 Qg5 32. Bg3 d5 33. Nxe5 $1
33... dxe4 34. Nxf7 Qf6 35. N7d6+ 1-0

[Event "2a. Categoria 2005"]
[Site "?"]
[Date "2005.??.??"]
[Round "?"]
[White "Iocco B., Pablo"]
[Black "Pando T., Luis"]
[Result "1-0"]
[WhiteElo "1762"]
[BlackElo "1790"]
[PlyCount "99"]

1. e4 e5 2. Nf3 Nc6 3. Bb5 a6 4. Ba4 Nf6 5. O-O b5 6. Bb3 Be7 7. Re1 d5 8. exd5
Nxd5 9. Nxe5 Nxe5 10. Rxe5 c6 11. Qe2 Be6 12. Nc3 Nf4 13. Qf3 Ng6 14. Re1 O-O
15. Bxe6 fxe6 16. Qxc6 Bd6 17. g3 17... Ne5 $2 18. Rxe5 Qf6 19. Re2 Rad8 20.
Qg2 Bc7 21. d3 Ba5 22. Ne4 Qf5 23. Bf4 e5 24. Bd2 Bb6 25. Rf1 Rf7 26. Be3 Bc7
27. Ng5 Rf6 28. Qe4 Qxe4 29. Nxe4 Rc6 30. Kg2 Rc8 31. c3 Bb8 32. d4 exd4 33.
Bxd4 Kf7 34. Rfe1 Rc4 35. h4 h6 36. Nd2 R4c6 37. Re7+ Kf8 38. Bxg7+ Kg8 39.
Re8+ $2 39... Kxg7 40. R1e7+ Kg6 41. Rxc8 Rxc8 42. Re6+ Kg7 43. Rxa6 Rd8 44.
Nb3 Bd6 45. Nd4 Kg8 46. Nxb5 Bc5 47. Nd4 Bxd4 48. cxd4 Rxd4 49. Rxh6 Rd2 50.
Rb6 1-0

[Event "2a. Categoria 2005"]
[Site "?"]
[Date "2005.??.??"]
[Round "?"]
[White "Rosales V., Claudio"]
[Black "Farias M., Hernan"]
[Result "1-0"]
[WhiteElo "1739"]
[BlackElo "1637"]
[PlyCount "53"]

1. e4 e5 2. Nf3 d6 3. Bc4 Be7 4. d4 exd4 5. Qxd4 Nf6 6. e5 Nc6 7. Qf4 dxe5 8.
Nxe5 Nxe5 9. Qxe5 O-O 10. O-O Bd6 11. Qc3 Bd7 12. Bg5 Be7 13. Re1 a5 14. Qg3
Kh8 15. a3 Be6 16. Bd3 Ng8 17. Bxe7 Qxe7 18. Nc3 f5 19. Bc4 Rf6 20. Nd5 Qf7 21.
Nxf6 Bxc4 22. Nxg8 Rxg8 23. Qf4 Bd5 24. Rad1 Bc6 25. Re5 25... Rf8 $2 26. Rxf5
g5 27. Qe5+ 1-0

[Event "2a. Categoria 2005"]
[Site "?"]
[Date "2005.??.??"]
[Round "?"]
[White "Velasco B., Carlos"]
[Black "Rosales S., Duncan"]
[Result "1/2-1/2"]
[WhiteElo "1695"]
[BlackElo "1640"]
[PlyCount "64"]

1. e4 e5 2. Bc4 c6 3. c3 Nf6 4. d3 d5 5. exd5 cxd5 6. Bb3 Bg4 7. f3 Bf5 8. Be3
Nc6 9. Bf2 Bd6 10. Ne2 O-O 11. Bc2 Re8 12. Nd2 Bc7 13. O-O d4 14. cxd4 exd4 15.
Ne4 Nd5 16. Nxd4 Nxd4 17. Bxd4 Nb4 18. Bf2 Nxc2 19. Qxc2 Rc8 20. Qd2 Qd5 21.
Rfd1 Rcd8 22. Qc2 Rd7 23. b3 b6 24. Qc4 Be5 25. Rac1 Red8 26. g4 Be6 27. Qxd5
Rxd5 28. d4 Bxd4 29. Bxd4 Rxd4 30. Rxd4 Rxd4 31. Rc7 Rd1+ 32. Kg2 a5 1/2-1/2

[Event "2a. Categoria 2005"]
[Site "?"]
[Date "2005.??.??"]
[Round "?"]
[White "Torres E., Rodolfo"]
[Black "Castillo F., Jenaro"]
[Result "1-0"]
[WhiteElo "1759"]
[BlackElo "1574"]
[PlyCount "97"]

1. e4 e6 2. d4 d5 3. Nc3 c5 4. exd5 exd5 5. dxc5 d4 6. Ne4 $6 6... Nf6 7. Bg5
Be7 8. Bxf6 gxf6 9. Nf3 Nc6 10. Qd2 Bf5 11. Qe2 $6 11... O-O 12. O-O-O Qd5 13.
Nc3 Qxc5 14. g4 Bg6 15. Na4 Qd5 16. b3 Rfe8 17. Nc3 $1 17... Ba3+ 18. Kb1 Rxe2
19. Nxd5 Rxc2 20. Bd3 Rb2+ 21. Ka1 Rc8 22. Bxg6 fxg6 23. Nxd4 $6 23... Nxd4 24.
Rxd4 Rcc2 25. Nb4 25... a5 $4 26. Nxc2 Rxc2 27. Rd8+ Kg7 28. Rd7+ Kh6 29. Rxb7
Rxf2 30. h3 Bb2+ 31. Kb1 Be5 32. a4 f5 33. Rb5 Bc3 34. gxf5 gxf5 35. Rg1 Kh5
36. Rg3 Bb4 37. Rg7 h6 38. Rf7 Kg5 39. Rg7+ Kf6 40. Rg8 Ke6 41. Rh8 Rf4 42.
Rxh6+ Kf7 43. h4 Re4 44. Rh8 Kg6 45. h5+ Kg5 46. Rg8+ Kf4 47. Kc2 Re6 48. Rg6
48... Ke4 $4 49. Rxe6+ 1-0

[Event "2a. Categoria 2005"]
[Site "?"]
[Date "2005.??.??"]
[Round "?"]
[White "Castillo F., Jenaro"]
[Black "Guerra M., Simon"]
[Result "1/2-1/2"]
[WhiteElo "1574"]
[BlackElo "1639"]
[PlyCount "81"]

1. e4 e5 2. Nf3 Nc6 3. Bc4 Be7 4. O-O Nf6 5. Re1 O-O 6. c3 d6 7. d4 Na5 8. Bf1
Bg4 9. dxe5 Bxf3 10. Qxf3 dxe5 11. Rd1 Qc8 12. Bg5 Qe6 13. Nd2 h6 14. Bh4 Rad8
15. Bg3 Bd6 16. b4 Nc6 17. Nc4 Be7 18. Qe3 b5 19. Na3 a6 20. h3 Rxd1 21. Rxd1
Qxa2 22. c4 Bxb4 23. cxb5 axb5 24. Nxb5 Qc2 25. Rc1 Qxe4 26. Qxe4 Nxe4 27. Rxc6
Nxg3 28. fxg3 Be1 29. Kh2 f5 30. Rxc7 f4 31. gxf4 exf4 32. Nd6 Bg3+ 33. Kg1 Rb8
34. Rc8+ Rxc8 35. Nxc8 Bh4 36. Bc4+ Kf8 37. Kf1 Bf6 38. Ke2 g5 39. Nd6 Kg7 40.
Bf7 $2 40... Be5 41. Nf5+ 1/2-1/2

[Event "2a. Categoria 2005"]
[Site "?"]
[Date "2005.??.??"]
[Round "?"]
[White "Castillo F., Jenaro"]
[Black "Pando T., Luis"]
[Result "1/2-1/2"]
[WhiteElo "1574"]
[BlackElo "1790"]
[PlyCount "112"]

1. d4 d5 2. c4 e6 3. Nf3 Nf6 4. Nc3 c6 5. Qc2 Be7 6. e3 h6 7. Bd3 O-O 8. O-O
Nbd7 9. Re1 Re8 10. e4 dxe4 11. Nxe4 Nxe4 12. Bxe4 Nf6 13. Be3 Bd6 14. Ne5 Qc7
15. f4 c5 16. Bf3 cxd4 17. Bxd4 Bc5 18. Bxc5 Qxc5+ 19. Kh1 Rb8 20. Rad1 a6 21.
Rd3 b5 22. b3 Bb7 23. Bxb7 Rxb7 24. Red1 bxc4 25. Qxc4 Qb6 26. Rd6 Qb5 27. Qxb5
axb5 28. Rc1 Ra8 29. Rc2 Nd5 30. g3 Nb4 31. Rcd2 Nd5 32. Rd7 Rxd7 33. Nxd7 Ra7
34. Nc5 Rc7 35. Nd3 Rc3 36. Kg1 Kf8 37. Kf2 Nf6 38. Kf3 Nd5 39. Ke4 Ke7 40. Rb2
b4 41. Kd4 Rc8 42. Nc5 Kd6 43. Nd3 f6 44. Re2 Nc3 45. Rd2 Nb5+ 46. Ke3 Rc3 47.
Ke2 Nd4+ 48. Kf2 Rc2 49. Rxc2 Nxc2 50. Ke2 Nd4+ 51. Ke3 Nc6 52. h4 g6 53. g4 f5
54. g5 hxg5 55. hxg5 Kd5 56. Nb2 e5 1/2-1/2

[Event "2a. Categoria 2005"]
[Site "?"]
[Date "2005.??.??"]
[Round "?"]
[White "Rosales S., Duncan"]
[Black "Montenegro B., Manuel"]
[Result "1-0"]
[WhiteElo "1640"]
[BlackElo "1718"]
[PlyCount "61"]

1. e4 e6 2. d4 d5 3. exd5 exd5 4. Bf4 Bd6 5. Be5 f6 6. Bxd6 Qxd6 7. Nc3 Ne7 8.
g3 c6 9. Qh5+ Ng6 10. Bd3 Qe6+ 11. Kd2 Qf7 12. Re1+ Kf8 13. f4 f5 14. Nf3 h6
15. Nh4 b6 16. Re3 Ba6 17. Bxf5 Ne7 18. Qxf7+ Kxf7 19. Be6+ Kf6 20. Rhe1 Bb5
21. Nf3 Na6 22. Nxb5 cxb5 23. Bd7 Nc8 24. Re6+ Kf7 25. Ne5+ Kg8 26. Ng6 Nc7 27.
Re8+ Nxe8 28. Rxe8+ Kf7 29. Ne5+ Kf6 30. Re6+ Kf5 31. Rxh6+ 1-0

[Event "2a. Categoria"]
[Site "?"]
[Date "2005.??.??"]
[Round "?"]
[White "Rosales V., Claudio"]
[Black "Pando T., Luis"]
[Result "1-0"]
[WhiteElo "1739"]
[BlackElo "1790"]
[PlyCount "75"]

1. f4 d5 2. Nf3 Nf6 3. b3 e6 4. Bb2 Be7 5. e3 b6 6. Ne5 Bb7 7. Qf3 Qc8 8. Qg3
Rg8 9. d3 Qd8 10. Be2 Nfd7 11. O-O Nxe5 12. fxe5 Qd7 13. Nd2 Nc6 14. Qf4 Rf8
15. Nf3 h6 16. c4 dxc4 17. bxc4 O-O-O 18. Bc3 f5 19. Nd4 g5 20. Qg3 Rg8 21. Qh3
Nxd4 22. exd4 Rh8 23. Bf3 Bxf3 24. Qxf3 Kb8 25. a4 g4 26. Qf2 h5 27. a5 h4 28.
axb6 cxb6 29. Qb2 Rc8 30. Rfb1 h3 31. c5 Rc6 32. Ra6 Bd8 33. cxb6 Bxb6 34. Ba5
Rh7 35. Bxb6 Rxb6 36. Rxb6+ axb6 37. Qxb6+ Qb7 38. Qd6+ 1-0

[Event "2a Categoria 2005"]
[Site "?"]
[Date "2005.??.??"]
[Round "?"]
[White "Rosales S., Duncan"]
[Black "Castillo F., Jenaro"]
[Result "1-0"]
[WhiteElo "1640"]
[BlackElo "1574"]
[PlyCount "81"]

1. e4 c5 2. c3 Nc6 3. d4 cxd4 4. cxd4 Nf6 5. Nc3 d6 6. Bb5 Bd7 7. Nge2 a6 8.
Bc4 e6 9. O-O b5 10. Bd3 Be7 11. Be3 O-O 12. Rc1 Rc8 13. a3 Kh8 14. b4 Ne8 15.
f4 f5 16. exf5 exf5 17. d5 Nb8 18. Ng3 Nc7 19. Qh5 g6 20. Qf3 Be8 21. Nge2 Bf7
22. Nd4 Qe8 23. Rfe1 Nd7 24. Nc6 Kg8 25. Bd4 25... Bf6 $4 26. Rxe8 Bxd4+ 27.
Nxd4 Rfxe8 28. Kf2 Nf6 29. Ncxb5 axb5 30. Ne6 Nfxd5 31. Ng5 Re3 32. Qd1 Rce8
33. Nxf7 Kxf7 34. Bxb5 R8e4 35. Bc4 Rxf4+ 36. Kg1 Re5 37. Bxd5+ Nxd5 38. Qb3
Kf6 39. b5 Nb6 40. h3 Rfe4 41. Rc6 1-0

[Event "2a. Categoria 2005"]
[Site "?"]
[Date "2005.??.??"]
[Round "?"]
[White "Munoz C., Pedro"]
[Black "Retamales P., Esmir"]
[Result "1-0"]
[WhiteElo "1778"]
[BlackElo "1382"]
[PlyCount "35"]

1. e4 e5 2. f4 Bc5 3. Nf3 d6 4. Bc4 Bg4 5. c3 Nc6 6. Qb3 6... Qe7 $2 7. Qxb7
Rd8 8. Qxc6+ Rd7 9. Ng5 Nh6 10. h3 exf4 11. hxg4 Qxg5 12. Bb5 Qd8 13. a4 Nxg4
14. d4 Bb6 15. Qxd7+ Qxd7 16. Bxd7+ Kxd7 17. a5 Re8 18. Nd2 1-0

[Event "2a. Categoria 2005"]
[Site "?"]
[Date "2005.??.??"]
[Round "?"]
[White "Espinoza V., Dagoberto"]
[Black "Romero F., Luis"]
[Result "0-1"]
[WhiteElo "1758"]
[BlackElo "1575"]
[PlyCount "24"]

1. d4 d5 2. c4 c6 3. Nf3 Nf6 4. Bg5 Ne4 5. Bf4 h6 6. e3 Bg4 7. h3 Bh5 8. Bh2 e6
9. cxd5 Bb4+ 10. Ke2 Qb6 11. g4 Bg6 12. dxe6 Qb5+ 0-1

[Event "2a. Categoria 2005"]
[Site "?"]
[Date "2005.??.??"]
[Round "?"]
[White "Munoz C., Pedro"]
[Black "Iocco B., Pablo"]
[Result "1/2-1/2"]
[WhiteElo "1778"]
[BlackElo "1762"]
[PlyCount "119"]

1. e4 e5 2. Nf3 Nc6 3. Bc4 Bc5 4. c3 Nf6 5. d4 exd4 6. cxd4 Bb4+ 7. Bd2 d5 8.
exd5 Nxd5 9. Bxd5 Qxd5 10. Bxb4 Nxb4 11. O-O O-O 12. Nc3 Qh5 13. h3 Re8 14. Qa4
Bxh3 15. Rfe1 Red8 16. Re5 f5 17. gxh3 Qxf3 18. Qxb4 Qxh3 19. Qxb7 Qg4+ 20. Qg2
Rxd4 21. Rxf5 Rb8 22. Qxg4 Rxg4+ 23. Kf1 Rxb2 24. Rd1 Rb8 25. Rd7 Rc8 26. Nd5
Rb8 27. Rxc7 h6 28. Rxa7 Rb1+ 29. Ke2 Rb2+ 30. Kf3 Rg1 31. Rf4 Rf1 32. Kg2 Rbb1
33. Rg4 g5 34. a4 Kf8 35. a5 h5 36. Rc4 Rg1+ 37. Kf3 Rb3+ 38. Rc3 Rxc3+ 39.
Nxc3 Ra1 40. a6 $2 40... Ra3 41. Ra8+ Kg7 42. a7 Rxc3+ 43. Kg2 Ra3 44. f3 Ra2+
45. Kg3 Ra1 46. Kf2 Ra2+ 47. Kg3 Ra1 48. Kg2 Ra2+ 49. Kh3 Ra3 50. Kg3 g4 51.
Kf2 Rxf3+ 52. Kg2 Ra3 53. Kh2 h4 54. Rb8 Rxa7 55. Rb4 Ra2+ 56. Kg1 Ra1+ 57. Kg2
h3+ 58. Kg3 Rg1+ 59. Kh2 Rg2+ 60. Kh1 1/2-1/2

[Event "2a. Categoria 2005"]
[Site "?"]
[Date "2005.??.??"]
[Round "?"]
[White "Guerra M., Simon"]
[Black "Pando T., Luis"]
[Result "0-1"]
[WhiteElo "1639"]
[BlackElo "1790"]
[PlyCount "68"]

1. e4 e5 2. Nf3 Nc6 3. Bc4 Bc5 4. Nc3 Nf6 5. O-O O-O 6. a3 Re8 7. Na4 Bf8 8. d3
a6 9. Nc3 d6 10. Bg5 Be7 11. h3 h6 12. Be3 Bd7 13. Nh2 b5 14. Ba2 Bf8 15. f4
exf4 16. Bxf4 Be6 17. Nd5 Bxd5 18. exd5 Ne5 19. Nf3 Ng6 20. Bd2 Qd7 21. Nd4 Be7
22. Nc6 Ne5 23. Nxe7+ Qxe7 24. Re1 Qd7 25. c4 Nxd3 26. Rxe8+ Rxe8 27. Qc2 Nc5
28. Bc3 Nce4 29. Bxf6 Nxf6 30. Rd1 Qe7 31. cxb5 axb5 32. Qd3 Qe2 33. Rd2 $2
33... Qe1+ 34. Kh2 Re3 0-1

[Event "2a. Categoria 2005"]
[Site "?"]
[Date "2005.??.??"]
[Round "?"]
[White "Romero F., Luis"]
[Black "Zerega R., Manuel"]
[Result "1/2-1/2"]
[WhiteElo "1575"]
[BlackElo "1757"]
[PlyCount "89"]

1. e4 e5 2. f4 exf4 3. Nf3 Nc6 4. Bc4 d6 5. c3 Be6 6. Bb5 Be7 7. d4 Bd7 8. Bxf4
a6 9. Ba4 Nf6 10. Nbd2 O-O 11. Bg5 Ng4 12. Bxe7 Qxe7 13. O-O $2 13... Ne3 14.
Qe2 Nxf1 15. Rxf1 Rae8 16. Qf2 Kh8 17. Bc2 h6 18. Qg3 b5 19. b3 Bc8 20. h3 a5
21. Bd3 b4 22. c4 22... f5 $2 23. Nh4 Qg5 24. Qxg5 hxg5 25. Ng6+ Kg8 26. Nxf8
Rxf8 27. d5 Ne5 28. Bb1 f4 29. Nf3 Nxf3+ 30. gxf3 Bxh3 31. Rf2 Bd7 32. Rg2 Rf6
33. Rxg5 Kf7 34. e5 dxe5 35. Rxe5 Rh6 36. Bf5 Bxf5 37. Rxf5+ Rf6 38. Rh5 Ke7
39. Rg5 g6 40. Kf2 Ra6 41. Re5+ Kd7 42. Re4 a4 43. Rxf4 axb3 44. Rf7+ Kd8 45.
axb3 1/2-1/2

[Event "2a. Categoria 2005"]
[Site "?"]
[Date "2005.??.??"]
[Round "?"]
[White "Farias M., Hernan"]
[Black "Montenegro B., Manuel"]
[Result "0-1"]
[WhiteElo "1637"]
[BlackElo "1718"]
[PlyCount "92"]

1. e4 e6 2. d3 d5 3. exd5 exd5 4. d4 Nf6 5. Nf3 Bd6 6. Be2 O-O 7. O-O h6 8. c3
Bf5 9. Nh4 Bh7 10. Nf3 Re8 11. Bd3 Ne4 12. Na3 c6 13. Be3 Nd7 14. Qc1 Qc7 15.
c4 Ndf6 16. c5 Bf8 17. Bf4 Qc8 18. Ne5 Nd7 19. b4 Nxe5 20. Bxe5 f6 21. Bf4 f5
22. f3 Nf6 23. Qc2 Qd7 24. Be5 Re7 25. Rae1 Rf7 26. Qf2 Be7 27. Nc2 Ne8 28. f4
Qd8 29. g3 Nf6 30. Ne3 Ne4 31. Bxe4 dxe4 32. Qb2 Bf6 33. Rd1 Rd7 34. Bxf6 Qxf6
35. Qg2 Rad8 36. Nc2 Bg6 37. b5 Bf7 38. a4 Bc4 39. Rfe1 Bd3 40. bxc6 bxc6 41.
Nb4 Rxd4 42. Qd2 Rb8 43. Qa2+ Bc4 44. Qa3 Be2 45. Rxd4 Qxd4+ 46. Kg2 Bf3+ 0-1

[Event "2a. Categoria 2005"]
[Site "?"]
[Date "2005.??.??"]
[Round "?"]
[White "Castillo F., Jenaro"]
[Black "Espinoza v., Dagoberto"]
[Result "0-1"]
[WhiteElo "1574"]
[BlackElo "1758"]
[PlyCount "58"]

1. d4 Nf6 2. c4 c6 3. Nc3 g6 4. e4 d6 5. Nf3 Bg7 6. h3 O-O 7. Bd3 Nbd7 8. Qc2
c5 9. d5 a6 10. a4 Re8 11. Be3 Nf8 12. Qd2 e6 13. Bh6 exd5 14. cxd5 Bf5 15.
Bxg7 Kxg7 16. O-O Nxe4 17. Bxe4 Bxe4 18. Nxe4 Rxe4 19. Rfe1 Rxe1+ 20. Rxe1 Nd7
21. Re3 Nb6 22. b3 c4 23. Qc3+ Qf6 24. Qxf6+ Kxf6 25. bxc4 Nxc4 26. Rc3 Nb6 27.
Rc7 Rb8 28. a5 Nxd5 29. Rd7 $4 29... Ke6 0-1

[Event "2a. Categoria 2005"]
[Site "?"]
[Date "2005.??.??"]
[Round "?"]
[White "Retamales P., Esmir"]
[Black "Rosales S., Duncan"]
[Result "0-1"]
[WhiteElo "1382"]
[BlackElo "1640"]
[PlyCount "52"]

1. e4 e5 2. Nf3 Nc6 3. Bc4 Bc5 4. O-O a6 5. Bb3 d6 6. h3 Na5 7. d4 Nxb3 8. axb3
exd4 9. Nxd4 Nf6 10. Nc3 O-O 11. Bg5 h6 12. Bh4 g5 13. Bg3 Re8 14. Qd3 c6 15.
Na4 Ba7 16. f4 Nxe4 17. Rae1 $2 17... Nxg3 18. Rxe8+ Qxe8 19. Rd1 Ne2+ 20. Kh2
Nxd4 21. c3 Bf5 22. Qd2 Nf3+ 23. gxf3 Rd8 24. c4 Qe3 25. fxg5 Qxf3 26. Qc3 Qe2+
0-1

[Event "2a. Categoria 2005"]
[Site "?"]
[Date "2005.??.??"]
[Round "?"]
[White "Torres E., Rodolfo"]
[Black "Munoz C., Pedro"]
[Result "0-1"]
[WhiteElo "1759"]
[BlackElo "1778"]
[PlyCount "110"]

1. e4 e5 2. Nf3 Nc6 3. Bb5 a6 4. Ba4 Bc5 5. O-O d6 6. d4 exd4 7. Nxd4 Nge7 8.
c3 O-O 9. Nd2 $6 9... Nxd4 10. cxd4 Bxd4 11. Nf3 Be5 12. Nxe5 dxe5 13. Qh5 Ng6
14. Rd1 Qh4 15. Qxh4 Nxh4 16. g3 Nf3+ 17. Kg2 Nd4 18. f4 Bg4 19. Rd3 f6 20. Kf2
b5 21. Bb3+ Kh8 22. Be3 c5 23. Bd5 Ra7 24. Rc1 c4 25. Rd2 Rd7 26. Bxd4 exd4 27.
Rxd4 Rfd8 28. Rc2 Bf5 29. Ke3 $2 29... g6 30. Rcd2 Bh3 31. Bc6 Rxd4 32. Rxd4
Rxd4 33. Kxd4 Kg7 34. Kc5 Bc8 35. Kb6 b4 36. Ba4 Kf7 37. Kc5 c3 38. bxc3 bxc3
39. Kc4 $2 39... Be6+ 40. Kxc3 Bxa2 41. Bb3+ $4 41... Bxb3 42. Kxb3 Ke6 43. Kb4
Kd6 44. Ka5 g5 45. Kxa6 Kc5 46. Kb7 $2 46... Kd4 47. e5 fxe5 48. fxe5 Kxe5 49.
Kc6 h5 50. Kc5 Ke4 51. Kc4 Kf3 52. Kd4 Kg2 53. Ke3 Kxh2 54. Kf3 g4+ 55. Kf4 h4
0-1

[Event "2a. Categoria 2005"]
[Site "?"]
[Date "2005.??.??"]
[Round "?"]
[White "Montenegro B., Manuel"]
[Black "Guerra M., Simon"]
[Result "0-1"]
[WhiteElo "1718"]
[BlackElo "1639"]
[PlyCount "96"]

1. Nf3 Nc6 2. g3 e5 3. d3 Nf6 4. Nbd2 Be7 5. Bg2 O-O 6. O-O d6 7. Re1 Be6 8. c4
Nd7 9. b3 f5 10. Bb2 f4 11. Ne4 fxg3 12. fxg3 Nf6 13. Nxf6+ Bxf6 14. e4 Bg4 15.
Rf1 Bg5 16. Qe2 a5 17. h3 Bxf3 18. Rxf3 Rxf3 19. Qxf3 Qf8 20. Rf1 Bf6 21. Qg4
Kh8 22. h4 Nb4 23. Qe2 Nxa2 24. Ra1 Nb4 25. Bc3 c5 26. Bxb4 cxb4 27. Qe3 Qc8
28. Qe2 Qc5+ 29. Qf2 Qc6 30. Qe3 h6 31. Kh2 b5 32. Rc1 Rc8 33. Bh3 Rc7 34. Be6
a4 35. Bd5 Qc5 36. Qxc5 Rxc5 37. Ra1 bxc4 38. Bxc4 a3 39. Ra2 g5 40. h5 g4 41.
Be6 Rc3 42. Bc4 Bg5 43. Rf2 Bc1 44. Ra2 Bb2 45. Be6 Rc2+ 46. Kh1 Rd2 47. Bc4
Rd1+ 48. Kg2 Ra1 0-1

[Event "2a. Categoria 2005"]
[Site "?"]
[Date "2005.??.??"]
[Round "?"]
[White "Zerega R., Manuel"]
[Black "Castillo F., Jenaro"]
[Result "1-0"]
[WhiteElo "1757"]
[BlackElo "1574"]
[PlyCount "85"]

1. e4 e6 2. d4 d5 3. exd5 exd5 4. Nc3 Nf6 5. Nf3 c5 6. Be3 Nc6 7. Bb5 cxd4 8.
Nxd4 Bd7 9. O-O Bb4 10. Bg5 Bxc3 11. bxc3 O-O 12. Bxf6 Qxf6 13. Bxc6 bxc6 14.
Qf3 Qg6 15. Rfe1 Rfe8 16. Qg3 Qxg3 17. hxg3 Rab8 18. Rab1 Rxb1 19. Rxb1 c5 20.
Nf3 Bc6 21. Kf1 g6 22. Rb2 Kg7 23. Ne1 Rd8 24. Nd3 c4 25. Ne5 Ba4 26. Rb7 Rf8
27. Rxa7 Bxc2 28. Rd7 Kf6 29. Rxd5 Ke6 30. Ra5 Bd3+ 31. Nxd3 cxd3 32. Ke1 Rd8
33. Kd2 h5 34. f4 f6 35. c4 Rd6 36. a4 Kd7 37. Rd5 Kc6 38. Rxd6+ Kxd6 39. Kxd3
Kc5 40. a5 g5 41. a6 Kb6 42. Ke4 gxf4 43. gxf4 1-0